000 00761cam a2200301 4500500
005 20260405001303.0
041 _afre
042 _adc
100 1 0 _aZanker, Jakob
_eauthor
245 0 0 _aPrécis de Machosophie
260 _c2012.
500 _a45
690 _aCioran
690 _aComte
690 _aDiderot
690 _aFichte
690 _aFourier
690 _aHegel
690 _aMachisme
690 _aMill
690 _aMontaigne
690 _aNietzsche
690 _aPlaton
690 _aRousseau
690 _aSchopenhauer
786 0 _nPhilosophie magazine | 59 | 5 | 2012-05-01 | p. 15-15 | 1951-1787
856 4 1 _uhttps://shs.cairn.info/magazine-philosophie-magazine-2012-5-page-15?lang=fr&redirect-ssocas=7080
999 _c2045984
_d2045983